| 000 | 02771nam a22003617a 4500 | ||
|---|---|---|---|
| 005 | 20111013122952.0 | ||
| 010 | _aENG-103971 B-457780-789 | ||
| 020 |
_c895.00 _a9788186772423 |
||
| 035 | _aEN-87504 B-457780-789 | ||
| 037 | _bDBAD/PUB | ||
| 037 | _bK.K.Pub/Ven | ||
| 082 | _a342.02 | ||
| 100 |
_aJothi Jagarajan, D. _948583 |
||
| 245 |
_aComparative constitutional law / _cby D. Jothi Jagarajan |
||
| 260 |
_aNew Delhi _bNew Academic Publishers _c2011 |
||
| 270 |
_a4760-61, 23, Ansari Road, Daryaganj _bNew Delhi _e110002 |
||
| 300 |
_axiv,227p. _c22cm (Hb) |
||
| 500 | _aIncludes bibliographical references | ||
| 700 | _935492 | ||
| 942 |
_2ddc _cEN _h342.02 _mJOT |
||
| 999 |
_c57606 _d57606 |
||